1000 sự kiện tuyệt vời

Uloženo v:
Podrobná bibliografie
Médium: Kniha
Jazyk:Undetermined
Vydáno: Thành phố Hồ Chí Minh Trẻ 2005
Témata:
Tagy: Přidat tag
Žádné tagy, Buďte první, kdo otaguje tento záznam!
Thư viện lưu trữ: Trung tâm Học liệu Trường Đại học Cần Thơ
LEADER 00500nam a2200181Ia 4500
001 CTU_87503
008 210402s9999 xx 000 0 und d
020 |c 15000 
082 |a 001 
082 |b M458/T.1 
245 0 |a 1000 sự kiện tuyệt vời 
245 0 |c Thục Anh 
260 |a Thành phố Hồ Chí Minh 
260 |b Trẻ 
260 |c 2005 
650 |a Knowledge,Knowledge and society 
904 |i Tuyến 
980 |a Trung tâm Học liệu Trường Đại học Cần Thơ